ARRUPE JESUIT UNIVERSITY

CORONAVIRUS -STOP THE SPREAD - CLEAN,DISINFECT,COVER

Land reform in Zimbabwe (Record no. 17122)

MARC details
000 -LEADER
fixed length control field 00442nam a2200181Ia 4500
003 - CONTROL NUMBER IDENTIFIER
control field 0100
005 - DATE AND TIME OF LATEST TRANSACTION
control field 20190710114435.0
008 - FIXED-LENGTH DATA ELEMENTS--GENERAL INFORMATION
fixed length control field 130303s9999 xx 000 0 und d
040 ## - CATALOGING SOURCE
Transcribing agency ARRUPELIB
050 ## - LIBRARY OF CONGRESS CALL NUMBER
Classification number HD1333.Z55L362000
245 ## - TITLE STATEMENT
Title Land reform in Zimbabwe
245 ## - TITLE STATEMENT
Remainder of title constraints and prospects
260 ## - PUBLICATION, DISTRIBUTION, ETC. (IMPRINT)
Place of publication, distribution, etc Burlington
Name of publisher, distributor, etc Aldershot
Date of publication, distribution, etc 2000
300 ## - PHYSICAL DESCRIPTION
Extent 206p.23cm
650 ## - SUBJECT ADDED ENTRY--TOPICAL TERM
Topical term following geographic name as entry element Zimbabwe
General subdivision Economic conditions
Geographic subdivision 1980
9 (RLIN) 46856
650 ## - SUBJECT ADDED ENTRY--TOPICAL TERM
Topical term following geographic name as entry element Zimbabwe
Topical term or geographic name as entry element politics and government
Chronological subdivision 1980
9 (RLIN) 46857
700 ## - ADDED ENTRY--PERSONAL NAME
Personal name edited by T.A.S.Bowyer-Bower
9 (RLIN) 46858
942 ## - ADDED ENTRY ELEMENTS (KOHA)
Source of classification or shelving scheme Library of Congress Classification
Koha item type Monograph ( Printed materials)
Holdings
Withdrawn status Lost status Source of classification or shelving scheme Damaged status Not for loan Collection code Home library Current library Shelving location Date acquired Total Checkouts Full call number Barcode Date last seen Date checked out Copy number Price effective from Koha item type
    Library of Congress Classification     Main Collection ARRUPE LIBRARY ARRUPE LIBRARY   04/03/2013 6 HD1333.Z55L362000 46003043635 11/06/2021 02/11/2020 1 04/03/2013 Monograph ( Printed materials)

 

Arrupe Library. PO Box MP320 Mt Pleasant, Harare, Zimbabwe
263 242 745411|librarian@aju.ac.zw